1996 hits: fill in the lyrics - Statistics

General Stats
  • This quiz has been taken 50 times
  • The average score is 7 of 15
Answer Stats
Artist Lyrics Answer % Correct
Oasis Because maybe, you're gonna be the one that saves me. And after all, you're my _________. wonderwall
96%
Deep Blue Something And I said, "What about breakfast at ________?" She said, "I think I remember the film and as I recall, I think we both kinda liked it." And I said, "Well, that's the one thing we've got." Tiffany's
72%
Foo Fighters I don't ___ you anything. I'll stick around. I'll stick around. owe
66%
Soul Asylum Put me out of my ______, all you suicide kings and you drama queens. Forever after happily, making ______. misery
62%
Green Day No time to search the world around. 'Cause you know where I'll be found. When I ____ ______. come around
60%
Hootie and the Blowfish Well there's nothing I can do. I only wanna __ ____ you. You can call me your fool. I only wanna __ ____ you. be with
55%
Garbage The queerest of the _____. The strangest of the strange. The coldest of the cool. The lamest of the lame. The numbest of the dumb. queer
55%
Montell Jordan I'm kinda buzzed and it's all because.... This is ___ __ do it. South Central does it like nobody does.... This is ___ __ do it. how we
53%
Alanis Morissette And I'm here, to remind you of the mess you left when you went away. It's not fair, to deny me of the cross I bear that you gave to me. You, you, you ______ ____. oughta know
53%
Pulp She said "I wanna live like ______ people. I wanna do whatever ______ people do. Wanna sleep with ______ people. I wanna sleep with ______ people like you." common
45%
Tom Petty But let me get to the point, let's roll another joint. And turn the radio loud, I'm too alone to be proud. And you don't know how it feels. You don't know how it feels __ __ __. to be me
36%
Pearl Jam She lies and says she's in love with him. Can't find a ______ ___. She dreams in color, she dreams in red. Can't find a ______ ___. better man
23%
P.J. Harvey Little fish, big fish, swimming in the water. Come back here, man, gimme my ________. daughter
23%
Monica It's just one of them days, don't take it personal. I just wanna be all _____, and you think I treat you wrong. alone
11%
Smashing Pumpkins That we don't even care to shake these zipper blues. And we don't know just where our bones will rest. To dust I _____. Forgotten and absorbed into the earth below. guess
9%
No matching quizzes found
Score Distribution
Percent of People with Each Score
Percentile by Number Answered
Your Score History
You have not taken this quiz